000 02241nam a22005177a 4500
001 184
003 FISKH
005 20230303082928.0
008 230303b cb ||||| |||| 00| 0 eng d
010 _a 2011282890
020 _a9780545206969
040 _aBVD
_cBVD
_dDAD
_dBTCTA
_dAZZPT
_dEHH
_dNDS
_dDLC
_dFISKH
_beng
042 _alccopycat
050 0 0 _aPZ7.T211115
_bIah 2011
082 _a741.5
100 1 _aTarshis, Lauren.
245 1 0 _aI survived Hurricane Katrina, 2005 /
_cby Lauren Tarshis ; illustrated by Scott Dawson.
246 3 0 _aHurricane Katrina, 2005
260 _aNew York
_bScholastic
_c2011.
300 _a95 p. :
_bill. ;
_c20 cm.
490 1 _aI survived
505 _aK
520 _aBarry's family tries to evacuate before Hurricane Katrina hits their home in New Orleans. But when Barry's little sister gets terribly sick, they're forced to stay home and wait out the storm. At first, Katrina doesn't seem to be as bad as predicted. But overnight the levees break, and Barry's world is literally torn apart. He's swept away by the floodwaters, away from his family. Can he survive the storm of the century -- alone?
521 1 _a590
_bLexile
521 0 _aK
_bRaz-Plus
650 0 _aHurricane Katrina, 2005
_xHistory
_vJuvenile fiction.
650 0 _aHurricanes
_vJuvenile fiction.
650 0 _aSurvival
_vJuvenile fiction.
650 1 _aHurricane Katrina, 2005
_vFiction.
650 1 _aFloods
_vFiction.
650 1 _aSurvival
_vFiction.
650 1 _aAfrican Americans
_vFiction.
650 7 _aHurricane Katrina, 2005
_vFiction.
_2sears
650 7 _aFloods
_vFiction.
_2sears
650 7 _aSurvival skills
_vFiction.
_2sears
650 7 _aAfrican Americans
_vFiction.
_2sears
651 1 _aNew Orleans (La.)
_vFiction.
651 7 _aNew Orleans (La.)
_vFiction.
_2sears
655 7 _aAdventure fiction.
_2gsafd
700 1 _aDawson, Scott,
_eill.
800 1 _aTarshis, Lauren.
_tI survived.
856 4 2 _3Contributor biographical information
_uhttp://www.loc.gov/catdir/enhancements/fy1114/2011282890-b.html
856 4 2 _3Publisher description
_uhttp://www.loc.gov/catdir/enhancements/fy1114/2011282890-d.html
906 _a7
_bcbc
_ccopycat
_d2
_encip
_f20
_gy-gencatlg
942 _2ddc
_cBK
_n0
999 _c184
_d184